Discursos del... Cardenal... Federico Tedeschini / (Record no. 129061)

MARC details
000 -LEADER
campo de control de longitud fija 00628nam a2200193 i 4500
001 - NÚMERO DE CONTROL
campo de control 129061
003 - IDENTIFICADOR DE NÚMERO DE CONTROL
campo de control ES-MaACL
005 - FECHA Y HORA DE LA ÚLTIMA TRANSACCIÓN
campo de control 20250907063109.0
007 - CAMPO FIJO DE DESCRIPCIÓN FÍSICA--INFORMACIÓN GENERAL
campo de control de longitud fija t|
008 - DATOS DE LONGITUD FIJA--INFORMACIÓN GENERAL
campo de control de longitud fija 070605s1961 sp ||||1| spa d
080 ## - NÚMERO DE LA CLASIFICACIÓN DECIMAL UNIVERSAL
Número de la Clasificación Decimal Universal 85-52"19"
100 0# - ENTRADA PRINCIPAL--NOMBRE DE PERSONA
Nombre de persona Tedeschini, Federico,
Títulos y otros términos asociados al nombre Cardenal
9 (RLIN) 109509
245 10 - MENCIÓN DEL TÍTULO
Título Discursos del... Cardenal... Federico Tedeschini /
Mención de responsabilidad, etc. selección y publicación de J. de F.
260 ## - PUBLICACIÓN, DISTRIBUCIÓN, ETC.
Lugar de publicación, distribución, etc. Santiago de Compostela :
Nombre del editor, distribuidor, etc. [s.n.],
Fecha de publicación, distribución, etc. 1961 (
Fabricante Imp. Paredes)
300 ## - DESCRIPCIÓN FÍSICA
Extensión 222 p. :
Otras características físicas il. ;
Dimensiones 24 cm.
700 1# - ENTRADA AGREGADA--NOMBRE PERSONAL
Nombre de persona Francisco Iglesias, Julia de.
9 (RLIN) 52195
852 4# - LOCALIZACIÓN
Ubicación ES-MaACL
Número de control de estantería C-20891
Holdings
Estatus retirado Estado de pérdida Estado de daño No para préstamo Biblioteca de origen Biblioteca actual Ubicación en estantería Fecha de adquisición Fuente de adquisición Total de préstamos Signatura topográfica completa Código de barras Visto por última vez Precio de reemplazo Tipo de ítem Koha
        Biblioteca del Ateneo de Madrid Biblioteca del Ateneo de Madrid Galería 17/01/2008     C-20891 1134402 23/02/2023 23/02/2023 Libro impreso